[Event "Isle of Man Open"]
[Site "Douglas"]
[Date "22.10.2018"]
[Round "3.51"]
[White "Pranav, Anand"]
[Black "Cornette, Deimante"]
[Result "1/2-1/2"]
[WhiteTitle "FM"]
[BlackTitle "IM"]
[WhiteElo "2269"]
[BlackElo "2462"]
[WhiteFideId "46626786"]
[BlackFideId "12802859"]
[EventDate "2018.10.20"]

1. d4 Nf6 2. c4 e6 3. Nf3 b6 4. a3 Bb7 5. Nc3 Ne4 6. Nxe4 Bxe4 7. Nd2 Bg6 8. e4
d6 9. b3 Qf6 10. Bb2 Nd7 11. Bd3 c5 12. Nf3 Bh5 13. Be2 Qg6 14. O-O Be7 15. dxc5
Nxc5 16. b4 Nxe4 17. Ne5 dxe5 18. Bxh5 Qf5 19. Qa4+ Kf8 20. Bf3 Re8 21. Bxe4
Qxe4 22. Qxa7 Qc6 23. Bxe5 Bf6 24. Bxf6 gxf6 25. b5 Ra8 26. bxc6 Rxa7 27. Rfb1
Ra6 28. Rb5 Kg7 29. c5 bxc5 30. Rxc5 Rc8 31. c7 Ra7 32. a4 Rcxc7 33. Rxc7 Rxc7
34. a5 Kf8 35. a6 Ra7 36. Kf1 f5 37. Ke2 Ke7 38. Kf3 Kd6 39. Kg3 f6 40. Kh4 e5
41. Kh5 Ke6 42. g3 Kd5 43. Ra4 Ke6 44. Ra5 Kd6 45. Kh6 Ke6 46. Ra2 Kd5 47. Rd2+
Ke4 48. Rd6 Rf7 49. Rb6 Kf3 50. Rb7 Rf8 51. Kg7 Ra8 52. Kxf6 Rxa6+ 53. Kxf5 Rh6
54. Kxe5 Kxf2 55. Rb2+ Kf3 56. Ra2 Kg4 57. Rf2 Kh3 58. Kf5 Ra6 59. Kg5 Rb6 60.
Kh5 Rb5+ 61. Kh6 Rb7 62. Kg5 Rb5+ 63. Kf6 h5 64. Rc2 Ra5 65. Kg6 Rb5 66. Rc4
Kxh2 67. Rh4+ Kxg3 68. Rxh5 Rxh5 69. Kxh5 1/2-1/2

[Event "Isle of Man Open"]
[Site "Douglas"]
[Date "22.10.2018"]
[Round "3.52"]
[White "Gukesh, D"]
[Black "Unuk, Laura"]
[Result "1-0"]
[WhiteTitle "IM"]
[BlackTitle "WIM"]
[WhiteElo "2456"]
[BlackElo "2272"]
[WhiteFideId "46616543"]
[BlackFideId "14609215"]
[EventDate "2018.10.20"]

1. Nf3 Nf6 2. g3 d5 3. Bg2 e6 4. O-O Be7 5. d3 O-O 6. Nbd2 c5 7. e4 Nc6 8. Re1
b5 9. a4 bxa4 10. exd5 exd5 11. Rxa4 Rb8 12. d4 cxd4 13. Nb3 Bb4 14. Re2 Qb6 15.
Nfxd4 Nxd4 16. Nxd4 Bg4 17. Bf3 Bxf3 18. Nxf3 a5 19. Be3 Bc5 20. Bxc5 Qxc5 21.
c3 h5 22. Nd4 Ra8 23. Qa1 Rfc8 24. Qc1 Ne4 25. Qe3 Qc7 26. f3 Nc5 27. Ra1 Re8
28. Qxe8+ Rxe8 29. Rxe8+ Kh7 30. Re2 h4 31. Kg2 Nd3 32. Rd1 Qc4 33. Red2 Ne5 34.
Re1 f6 35. f4 Ng6 36. Nf3 a4 37. f5 Nf8 38. Nxh4 a3 39. bxa3 Qxc3 40. Red1 Nd7
41. Ng6 Nb6 42. Rd4 Kh6 43. Rh4+ Kg5 44. Rf1 Nc4 45. Kh3 Qxa3 46. Rg4+ Kh6 47.
Nf4 Kh7 48. Rh4+ Kg8 49. Ng6 Kf7 50. Rh8 Ne3 51. Ra1 1-0

[Event "Isle of Man Open"]
[Site "Douglas"]
[Date "22.10.2018"]
[Round "3.53"]
[White "House, Glenn L"]
[Black "Kolosowski, Mateusz"]
[Result "1-0"]
[WhiteTitle "FM"]
[BlackTitle "IM"]
[WhiteElo "2180"]
[BlackElo "2448"]
[WhiteFideId "406228"]
[BlackFideId "1129708"]
[EventDate "2018.10.20"]

1. Nf3 d5 2. g3 c5 3. Bg2 Nf6 4. O-O e6 5. d3 Be7 6. Nbd2 Nc6 7. e4 O-O 8. e5
Nd7 9. Re1 Qc7 10. Qe2 b5 11. Nf1 Bb7 12. h4 Rfc8 13. Bf4 a5 14. N1h2 a4 15. a3
b4 16. Bh3 c4 17. d4 c3 18. bxc3 bxa3 19. Ng5 Nd8 20. Bd2 h6 21. Ngf3 Nb6 22.
Ng4 Ba6 23. Qd1 Kf8 24. Ne3 Nc6 25. Nh2 Na5 26. Qf3 Ke8 27. Nhg4 Nac4 28. Nxc4
Nxc4 29. Bxh6 gxh6 30. Nxh6 Bf8 31. Ng8 Qc6 32. h5 Nd2 33. Qf4 Qxc3 34. Bg4 Qxc2
35. h6 Bd3 36. Qg5 Kd7 37. Qf6 Ke8 38. Bxe6 Nf3+ 39. Qxf3 fxe6 40. Qf6 Qc6 41.
Qg5 Qb7 42. Nf6+ Kd8 43. Qg8 Qe7 44. h7 Bxh7 45. Nxh7 Kc7 46. Rec1+ Kb7 47. Rxc8
Rxc8 48. Nxf8 Rxf8 49. Qg6 Rf3 50. Kg2 Rc3 51. Qf6 Qd7 52. Qf8 Qb5 53. Qe7+ Ka6
54. Qxe6+ Ka5 55. Qd6 Qb2 56. Rh1 a2 57. Rh7 Qb6 58. Qxd5+ Kb4 59. Qxa2 a3 60.
Qd5 Ka4 61. Rb7 Qa6 62. Qd7+ Qc6+ 63. Qxc6+ Rxc6 64. Ra7+ Kb3 65. Kf3 a2 66. d5
Rc3+ 67. Kg2 Rc5 68. f4 Rxd5 69. e6 Rd4 70. Rxa2 Kxa2 71. f5 Re4 72. Kf3 Re1 73.
Kf4 Kb3 74. Kg5 Kc4 75. Kf6 Kd5 76. g4 Kd6 77. g5 Ra1 78. g6 Ra8 79. g7 Rb8 80.
Kf7 Rb7+ 81. Kg6 Rb8 82. Kh7 Rb7 83. Kh8 1-0

[Event "Isle of Man Open"]
[Site "Douglas"]
[Date "22.10.2018"]
[Round "3.54"]
[White "Kashlinskaya, Alina"]
[Black "Paramzina, Anastasya"]
[Result "1-0"]
[WhiteTitle "IM"]
[BlackTitle "WGM"]
[WhiteElo "2447"]
[BlackElo "2243"]
[WhiteFideId "4198026"]
[BlackFideId "4165012"]
[EventDate "2018.10.20"]

1. e4 c5 2. Nf3 d6 3. Bb5+ Nd7 4. d4 cxd4 5. Qxd4 a6 6. Bxd7+ Bxd7 7. O-O e5 8.
Qd3 h6 9. Nc3 Nf6 10. Nd2 b5 11. a4 b4 12. Nd5 Nxd5 13. exd5 Be7 14. Nc4 O-O 15.
f4 Re8 16. Kh1 e4 17. Qb3 a5 18. Be3 Rb8 19. f5 Bf8 20. Ba7 Rb7 21. Bd4 Qc7 22.
Rf4 Rc8 23. Ne3 Re8 24. Raf1 Rbb8 25. Ng4 h5 26. Nf6+ gxf6 27. Qg3+ Kh7 28. Rh4
Bh6 29. Rxh5 Rg8 30. Qf4 Rg5 31. Rxh6+ Kxh6 32. Qh4+ Kg7 33. Qxg5+ Kf8 34. Qh6+
Ke8 35. Qh8+ 1-0

[Event "Isle of Man Open"]
[Site "Douglas"]
[Date "22.10.2018"]
[Round "3.55"]
[White "Chennaoui, Yasin"]
[Black "Lubbe, Nikolas"]
[Result "0-1"]
[BlackTitle "IM"]
[WhiteElo "2050"]
[BlackElo "2447"]
[WhiteFideId "1330667"]
[BlackFideId "4694031"]
[EventDate "2018.10.20"]

1. Nf3 d5 2. d4 Nf6 3. Bf4 c5 4. dxc5 Nc6 5. e3 e6 6. Be2 Bxc5 7. O-O O-O 8.
Nbd2 Qe7 9. Nb3 Bb6 10. Nbd4 Rd8 11. Nxc6 bxc6 12. Ne5 Bb7 13. c4 Ne4 14. cxd5
cxd5 15. Rc1 d4 16. exd4 Rxd4 17. Nd3 Rad8 18. Be3 R4d6 19. Bxb6 axb6 20. Qc2
Qg5 21. f4 Qd5 22. Rf3 Qd4+ 23. Nf2 Rc6 24. Qd1 Nxf2 25. Rxf2 Rxc1 26. Qxc1 Rc8
27. Qd1 Qxb2 28. Qd7 Qc1+ 29. Bf1 Ba6 30. f5 Bxf1 31. Rxf1 Qc5+ 32. Kh1 exf5 33.
h4 g6 34. h5 Qc4 35. Kg1 Ra8 36. Re1 Kg7 37. Qd2 Qh4 38. hxg6 hxg6 39. Re3 Rd8
40. Qe2 Qd4 41. Kh2 Rh8+ 42. Rh3 Qf4+ 43. g3 Rxh3+ 44. Kxh3 Qg4+ 45. Qxg4 fxg4+
46. Kxg4 f5+ 47. Kg5 b5 48. g4 fxg4 49. Kxg4 Kf6 50. Kf4 g5+ 51. Kg4 b4 52. Kf3
Kf5 53. Ke3 g4 54. Kf2 Kf4 55. Ke2 g3 56. Ke1 Ke3 57. Kf1 Kf3 58. a4 bxa3 0-1

[Event "Isle of Man Open"]
[Site "Douglas"]
[Date "22.10.2018"]
[Round "3.56"]
[White "Sadhwani, Raunak"]
[Black "Bianco, Valerio"]
[Result "1-0"]
[WhiteTitle "IM"]
[WhiteElo "2438"]
[BlackElo "2008"]
[WhiteFideId "35093487"]
[BlackFideId "800600"]
[EventDate "2018.10.20"]

1. e4 e6 2. d4 d5 3. Nc3 Nf6 4. Bg5 dxe4 5. Nxe4 Be7 6. Bxf6 Bxf6 7. Nxf6+ Qxf6
8. Nf3 c5 9. Bb5+ Bd7 10. Qe2 a6 11. Bxd7+ Nxd7 12. d5 O-O 13. O-O-O e5 14. Nd2
b5 15. g4 c4 16. Ne4 Qf4+ 17. Kb1 Nf6 18. f3 Rad8 19. Rd2 Nxe4 20. fxe4 Qf6 21.
Qe3 Qd6 22. Rf2 b4 23. h4 Rb8 24. h5 Qb6 25. Qxb6 Rxb6 26. g5 f6 27. Rhf1 h6 28.
gxh6 gxh6 29. Rg1+ Kh7 30. Rg6 c3 31. b3 Rb7 32. Rfxf6 Rxf6 33. Rxf6 Rg7 34. Rf1
Kg8 35. a3 a5 36. a4 Rg4 37. d6 Rg7 38. Kc1 Rf7 39. Rd1 Rd7 40. Rd5 Kf7 41. Rxa5
Rxd6 42. Rxe5 Rd2 43. Rb5 Re2 44. Kb1 Rxe4 45. a5 Re1+ 46. Ka2 Rc1 47. Rxb4
Rxc2+ 48. Kb1 1-0

[Event "Isle of Man Open"]
[Site "Douglas"]
[Date "22.10.2018"]
[Round "3.57"]
[White "Heinemann, Josefine"]
[Black "Cramling, Pia"]
[Result "1-0"]
[WhiteTitle "WIM"]
[BlackTitle "GM"]
[WhiteElo "2308"]
[BlackElo "2465"]
[WhiteFideId "12900460"]
[BlackFideId "1700030"]
[EventDate "2018.10.20"]

1. e4 c5 2. Nf3 a6 3. c3 d5 4. exd5 Qxd5 5. d4 e6 6. Be2 Nf6 7. O-O Nc6 8. h3
cxd4 9. cxd4 Be7 10. Nc3 Qd6 11. Bg5 O-O 12. Qd2 b6 13. Bxf6 Bxf6 14. Ne4 Qe7
15. d5 exd5 16. Nxf6+ Qxf6 17. Qxd5 Bb7 18. Qb3 Na5 19. Qb4 Rfe8 20. Rfe1 Re4
21. Qd2 h6 22. b3 Rd8 23. Qc2 Rc8 24. Qd2 Nc6 25. Rad1 Rd8 26. Qc1 Rxd1 27. Qxd1
Nb4 28. a3 Na2 29. Bd3 Nc3 30. Qd2 Rxe1+ 31. Qxe1 g6 32. Qe8+ Kg7 33. Ne5 Bd5
34. Nd7 Qg5 35. Bf1 Be6 36. Qf8+ Kh7 37. Qc8 Qc1 38. Nf8+ Kg7 39. Nxe6+ Kf6 40.
Qd8+ Kxe6 41. Qxb6+ Ke7 42. Qxa6 Nb1 43. Qc4 Qxc4 44. Bxc4 Nxa3 45. Kf1 Nc2 46.
Ke2 f6 47. Kd2 Nb4 48. Kc3 Na2+ 49. Kd2 Nb4 50. Kc3 Na2+ 51. Kd4 Kd6 52. Bd3 Nb4
53. Bxg6 Nc6+ 54. Ke4 Ne7 55. Bf7 Kc5 56. Kf4 Kd4 57. b4 Nc6 58. b5 Ne5 59. Bg8
Kc5 60. Kf5 1-0

[Event "Isle of Man Open"]
[Site "Douglas"]
[Date "22.10.2018"]
[Round "3.58"]
[White "Wu, Li"]
[Black "Swapnil, S. Dhopade"]
[Result "0-1"]
[BlackTitle "GM"]
[WhiteElo "2335"]
[BlackElo "2493"]
[WhiteFideId "411086"]
[BlackFideId "5019184"]
[EventDate "2018.10.20"]

1. c4 Nf6 2. g3 c6 3. Bg2 d5 4. Nf3 dxc4 5. Qc2 b5 6. a4 Bb7 7. O-O e6 8. b3
cxb3 9. Qxb3 b4 10. Na3 c5 11. Nc4 Be7 12. Bb2 O-O 13. d3 Nc6 14. Nfe5 Rc8 15.
Nxc6 Bxc6 16. Bxc6 Rxc6 17. Bxf6 Bxf6 18. Rac1 Qd5 19. f3 h5 20. Kg2 g6 21. Rfd1
Rfc8 22. Rc2 Kg7 23. Rf1 Rd8 24. Kf2 Bc3 25. Rd1 g5 26. e4 Qd4+ 27. Ke2 g4 28.
f4 f5 29. Ne3 fxe4 30. dxe4 Qxe4 31. Rxd8 Qf3+ 32. Kd3 c4+ 0-1

[Event "Isle of Man Open"]
[Site "Douglas"]
[Date "22.10.2018"]
[Round "3.59"]
[White "Sundararajan, Kidambi"]
[Black "Bellin, Robert"]
[Result "1-0"]
[WhiteTitle "GM"]
[BlackTitle "IM"]
[WhiteElo "2445"]
[BlackElo "2326"]
[WhiteFideId "5005370"]
[BlackFideId "400343"]
[EventDate "2018.10.20"]

1. c4 e5 2. Nc3 Nf6 3. Nf3 Nc6 4. e3 Be7 5. d4 d6 6. Be2 O-O 7. O-O Re8 8. a3 a5
9. b3 Bf5 10. Bb2 Bf8 11. d5 Ne7 12. b4 e4 13. Nd4 Bg6 14. bxa5 Nd7 15. Nb3 Nc5
16. Nxc5 dxc5 17. Nb5 Nf5 18. a4 Rxa5 19. Bc3 Ra8 20. a5 Bd6 21. g3 Qg5 22. Nxd6
cxd6 23. Kh1 h5 24. Rg1 Nh6 25. h3 Qf5 26. Qf1 Re7 27. Qg2 Kh7 28. Qh2 Qd7 29.
g4 hxg4 30. Bxg4 f5 31. Be2 Rg8 32. Qf4 1-0

[Event "Isle of Man Open"]
[Site "Douglas"]
[Date "22.10.2018"]
[Round "3.60"]
[White "Dubinski, Mateusz"]
[Black "Krishna, C R G"]
[Result "0-1"]
[WhiteTitle "FM"]
[BlackTitle "IM"]
[WhiteElo "2327"]
[BlackElo "2445"]
[WhiteFideId "1125923"]
[BlackFideId "5018625"]
[EventDate "2018.10.20"]

1. d4 Nf6 2. Nf3 d6 3. g3 Nbd7 4. Bg2 e5 5. O-O Be7 6. c4 O-O 7. Nc3 c6 8. Qc2
Re8 9. Rd1 Bf8 10. dxe5 dxe5 11. h3 Qc7 12. Be3 g6 13. Rac1 Nc5 14. b4 Bf5 15.
Qb2 Ncd7 16. g4 Be6 17. Nd5 Qd8 18. Nxf6+ Qxf6 19. Ng5 Qe7 20. Ne4 f5 21. Nd6
Reb8 22. gxf5 gxf5 23. f4 Bg7 24. Qd2 e4 25. c5 Nf6 26. Bd4 Nd5 27. e3 b5 28.
Kh1 Bxd4 29. Qxd4 Qf6 30. Qd2 Kf8 31. Rg1 Ke7 32. Bxe4 fxe4 33. Nxe4 Qh4 34.
Rg7+ Kf8 35. Rcg1 Qxh3+ 36. Qh2 Qf3+ 37. R1g2 Bh3 38. Nd6 Bxg2+ 39. Rxg2 h5 40.
Qh4 Re8 41. Qg5 Qh3+ 42. Kg1 Qxe3+ 43. Rf2 Qe1+ 44. Rf1 Qe7 45. Qxh5 Qf6 46. Kh1
Re7 0-1

[Event "Isle of Man Open"]
[Site "Douglas"]
[Date "22.10.2018"]
[Round "3.61"]
[White "Ladron De Guevara Pinto, Paolo"]
[Black "Kolbus, Dietmar"]
[Result "1/2-1/2"]
[WhiteTitle "IM"]
[BlackTitle "IM"]
[WhiteElo "2427"]
[BlackElo "2313"]
[WhiteFideId "2290847"]
[BlackFideId "4610628"]
[EventDate "2018.10.20"]

1. e4 e5 2. Bc4 Nf6 3. d3 c6 4. Nf3 d5 5. Bb3 Bd6 6. Nc3 dxe4 7. Ng5 O-O 8.
Ngxe4 Nxe4 9. Nxe4 Bf5 10. Ng3 Qd7 11. O-O Bg4 12. f3 Be6 13. f4 Bxb3 14. axb3
f5 15. Qf3 g6 16. Re1 Re8 17. c3 Na6 18. b4 exf4 19. Bxf4 Nc7 20. Rxe8+ Nxe8 21.
Ne2 Bxf4 22. Nxf4 Nf6 23. h3 a6 24. Re1 Re8 25. Re3 Kf7 26. Kf2 Rxe3 27. Qxe3
Qd6 28. Ne2 Nd5 29. Qd4 Qe7 30. Ng1 Qf6 31. Qa7 Qh4+ 32. g3 Qe7 33. Qd4 Qf6 1/2-1/2

[Event "Isle of Man Open"]
[Site "Douglas"]
[Date "22.10.2018"]
[Round "3.62"]
[White "Munguntuul, Batkhuyag"]
[Black "Dushyant, Sharma"]
[Result "1-0"]
[WhiteTitle "IM"]
[BlackTitle "FM"]
[WhiteElo "2422"]
[BlackElo "2289"]
[WhiteFideId "4900758"]
[BlackFideId "25065130"]
[EventDate "2018.10.20"]

1. e4 e5 2. Nf3 Nc6 3. Bb5 a6 4. Ba4 Nf6 5. Qe2 b5 6. Bb3 Bc5 7. c3 d6 8. O-O
O-O 9. Rd1 Bg4 10. h3 Bh5 11. d3 Bb6 12. Nbd2 Na5 13. Bc2 c5 14. Nf1 Nc6 15. Ng3
Bg6 16. Bg5 h6 17. Bh4 Qe7 18. Nh2 Bd8 19. Ng4 Qd7 20. Bxf6 Bxf6 21. Nxf6+ gxf6
22. Rf1 Rae8 23. Qd2 Kg7 24. f4 exf4 25. Rxf4 d5 26. exd5 Qxd5 27. Raf1 Re6 28.
Qf2 Qd8 29. d4 Kh7 30. Rh4 f5 31. Qf4 Qf6 32. Rxh6+ Kg8 33. Nh5 Bxh5 34. Rxf6
Rxf6 35. Qg5+ Rg6 36. Qxh5 Kg7 37. Bxf5 Rh8 38. Bxg6 1-0

[Event "Isle of Man Open"]
[Site "Douglas"]
[Date "22.10.2018"]
[Round "3.63"]
[White "Mannion, Stephen R"]
[Black "Raja, Harshit"]
[Result "0-1"]
[WhiteTitle "IM"]
[BlackTitle "IM"]
[WhiteElo "2289"]
[BlackElo "2420"]
[WhiteFideId "2400111"]
[BlackFideId "5089000"]
[EventDate "2018.10.20"]

1. e4 c5 2. Nf3 d6 3. d4 cxd4 4. Nxd4 Nf6 5. Nc3 a6 6. Be3 Ng4 7. Bc1 Nf6 8. Be3
e5 9. Nb3 Be6 10. h3 Nbd7 11. g4 Rc8 12. Qd2 b5 13. O-O-O Nb6 14. g5 Nfd7 15.
Nd5 Bxd5 16. exd5 Nc4 17. Qe1 Ndb6 18. Bxb6 Qxb6 19. h4 Be7 20. Bd3 a5 21. Nd2
Rc5 22. Qe4 Rc7 23. Nxc4 bxc4 24. Bxc4 O-O 25. Bb3 f5 26. Qe3 Qb7 27. Kb1 Rb8
28. a4 Rc4 29. Qc1 Rf4 30. Rd3 Bd8 31. f3 Qb4 32. c4 Bb6 33. Qc3 Bd4 34. Qxb4
Rxb4 35. Ka2 Kf8 36. Rh2 Ke7 37. h5 Kd7 38. Rh1 Kc7 39. Bd1 Rxb2+ 40. Ka3 Rg2
41. g6 hxg6 42. h6 gxh6 43. Rxh6 g5 44. Rh7+ Kd8 45. Kb3 Rh4 46. Rxh4 gxh4 47.
f4 e4 48. Rxd4 h3 0-1

[Event "Isle of Man Open"]
[Site "Douglas"]
[Date "22.10.2018"]
[Round "3.64"]
[White "Arjun, Kalyan"]
[Black "Lorscheid, Gerhard"]
[Result "1-0"]
[BlackTitle "FM"]
[WhiteElo "2408"]
[BlackElo "2205"]
[WhiteFideId "35018701"]
[BlackFideId "4606000"]
[EventDate "2018.10.20"]

1. e4 d6 2. d4 Nf6 3. Nc3 e5 4. Nf3 Nbd7 5. Bc4 Be7 6. a4 O-O 7. O-O c6 8. h3
exd4 9. Qxd4 Qb6 10. Rd1 Ne5 11. Be2 Nxf3+ 12. Bxf3 Qxd4 13. Rxd4 Ne8 14. a5 Nc7
15. Be3 f5 16. exf5 Bxf5 17. a6 Nxa6 18. Bxc6 bxc6 19. Rxa6 Rfc8 20. Rc4 Bxc2
21. Rcxc6 Rxc6 22. Rxc6 Bf8 23. b4 Bd3 24. b5 a5 25. b6 a4 26. Rc7 1-0

[Event "Isle of Man Open"]
[Site "Douglas"]
[Date "22.10.2018"]
[Round "3.65"]
[White "Schroer, Marcel"]
[Black "Erenberg, Ariel"]
[Result "0-1"]
[BlackTitle "IM"]
[WhiteElo "2064"]
[BlackElo "2407"]
[WhiteFideId "1012908"]
[BlackFideId "2811634"]
[EventDate "2018.10.20"]

1. Nf3 Nf6 2. c4 e6 3. g3 d5 4. Bg2 dxc4 5. Na3 Bxa3 6. bxa3 a6 7. Qc2 Nbd7 8.
Bb2 O-O 9. O-O b5 10. Nd4 Nd5 11. a4 c5 12. Nc6 Qe8 13. axb5 axb5 14. a4 b4 15.
Qxc4 Bb7 16. Ne5 N5b6 17. Qf4 Bxg2 18. Nxd7 Qxd7 19. Bxg7 Nd5 20. Qg5 f6 21.
Bxf6+ Kf7 22. Kxg2 Nxf6 23. Qxc5 Qd5+ 24. Qxd5 Nxd5 25. Rfb1 Rfb8 26. a5 Nc7 27.
d4 Na6 28. Rb3 Rc8 29. f4 Rc2 30. Kf2 Rd8 31. Ke3 Rc4 32. Rd3 Rd5 33. g4 Ke7 34.
h4 Kd6 35. g5 Kc6 36. h5 Kb5 37. g6 Rxh5 38. g7 Rc8 39. Rg1 Rg8 40. Ke4 Nc7 41.
Rdg3 Kxa5 42. Rg5+ Rxg5 43. Rxg5+ Ka4 44. Ke5 b3 45. Rg1 b2 46. Kf6 Ne8+ 47.
Kxe6 Rxg7 48. Rf1 Rc7 49. Rb1 Kb3 50. e4 Rc4 51. Kd5 Rc1 52. Rxb2+ Kxb2 53. f5
h5 0-1

[Event "Isle of Man Open"]
[Site "Douglas"]
[Date "22.10.2018"]
[Round "3.66"]
[White "Eggleston, David J"]
[Black "Bopp, Thomas"]
[Result "1-0"]
[WhiteTitle "IM"]
[WhiteElo "2406"]
[BlackElo "2160"]
[WhiteFideId "412120"]
[BlackFideId "4656113"]
[EventDate "2018.10.20"]

1. e4 c6 2. Nc3 d5 3. Nf3 dxe4 4. Nxe4 Nf6 5. Qe2 Nxe4 6. Qxe4 Qd5 7. Qh4 Qe6+
8. Be2 Qg4 9. Qg3 Qxg3 10. hxg3 Bf5 11. b3 Nd7 12. Bb2 O-O-O 13. Ng5 Bg6 14. Bh5 1-0

[Event "Isle of Man Open"]
[Site "Douglas"]
[Date "22.10.2018"]
[Round "3.67"]
[White "Hemant, Sharma2"]
[Black "Byron, Alan M"]
[Result "1/2-1/2"]
[WhiteTitle "IM"]
[WhiteElo "2393"]
[BlackElo "2136"]
[WhiteFideId "5025842"]
[BlackFideId "401773"]
[EventDate "2018.10.20"]

1. c4 Nf6 2. g3 g6 3. Nc3 Bg7 4. Bg2 d6 5. d3 O-O 6. Rb1 a5 7. e4 c5 8. Nge2 Nc6
9. h3 Ne8 10. Be3 Nc7 11. Qd2 e5 12. Bh6 f6 13. O-O Bxh6 14. Qxh6 Rf7 15. Qe3
Bd7 16. f4 Qe7 17. Nd5 Nxd5 18. exd5 Nd4 19. fxe5 Qxe5 20. Qxe5 fxe5 21. Nxd4
exd4 22. Rxf7 Kxf7 23. Rf1+ Kg7 24. Re1 Re8 25. Rxe8 Bxe8 26. Kf2 Kf6 27. Kf3
Ke5 28. h4 Bd7 29. Bf1 h6 30. Kf2 Bf5 1/2-1/2

[Event "Isle of Man Open"]
[Site "Douglas"]
[Date "22.10.2018"]
[Round "3.68"]
[White "Jackson, James P"]
[Black "Vidic, Teja"]
[Result "1-0"]
[WhiteTitle "FM"]
[BlackTitle "WFM"]
[WhiteElo "2371"]
[BlackElo "2116"]
[WhiteFideId "416860"]
[BlackFideId "14605511"]
[EventDate "2018.10.20"]

1. e4 e5 2. Nf3 Nc6 3. Bc4 Nf6 4. d3 Be7 5. O-O O-O 6. Re1 d6 7. a4 Na5 8. Ba2
c5 9. c3 Nc6 10. Na3 a6 11. Bd2 h6 12. Nc2 Be6 13. Bxe6 fxe6 14. Qe2 Qe8 15. d4
exd4 16. cxd4 Nd7 17. d5 Nce5 18. Nxe5 Nxe5 19. f4 Ng6 20. Qg4 exd5 21. exd5 Qf7
22. Re6 Bf6 23. Ne3 Ne7 24. Bc3 Bd4 25. Rd1 Nf5 26. Bxd4 Nxd4 27. g3 Rae8 28. f5
Nxe6 29. dxe6 Qf6 30. Rxd6 Qxb2 31. Rd7 b5 32. Qe4 Qf6 33. g4 bxa4 34. Qxa4 Rb8
35. Qxa6 Qc3 36. Qd3 Qe1+ 37. Nf1 Rb2 38. Qf3 Qxe6 39. fxe6 Rxf3 40. Rd8+ Kh7
41. e7 Re2 42. e8=Q Rxe8 43. Rxe8 Kg6 44. Re5 c4 45. Kg2 Rd3 46. Ne3 c3 47. Kf3
Rd2 48. h4 Rh2 49. h5+ Kf7 50. Rc5 g6 51. Rc7+ Kf6 52. Rc6+ Kf7 53. hxg6+ Kg7
54. Nf5+ Kg8 55. Rc8# 1-0

[Event "Isle of Man Open"]
[Site "Douglas"]
[Date "22.10.2018"]
[Round "3.69"]
[White "Mortazavi, Ali"]
[Black "Demeter, Dorina"]
[Result "1/2-1/2"]
[WhiteTitle "IM"]
[BlackTitle "WFM"]
[WhiteElo "2353"]
[BlackElo "2064"]
[WhiteFideId "401323"]
[BlackFideId "778079"]
[EventDate "2018.10.20"]

1. e4 c5 2. Nf3 d6 3. d3 Nf6 4. g3 g6 5. Bg2 Bg7 6. e5 dxe5 7. Nxe5 Nd5 8. Qe2
O-O 9. a4 f6 10. Nc4 Nc6 11. c3 e5 12. O-O Be6 13. Nbd2 Nb6 14. f4 Nxc4 15. dxc4
Qc7 16. Bd5 Bxd5 17. cxd5 Ne7 18. Ne4 Nxd5 19. Qc4 Rad8 20. fxe5 Qxe5 21. Bf4
Qe6 22. Rae1 Nxf4 23. Nxf6+ Rxf6 24. Rxe6 Nxe6 25. Rxf6 Bxf6 26. Qxe6+ Kg7 27.
Qe2 b6 28. Kg2 Rd7 29. h4 Rd5 30. Kh3 h5 31. Qa6 Rd7 32. Qc8 Rf7 33. Qc6 Be5 34.
a5 Bc7 35. g4 hxg4+ 36. Kxg4 Rf4+ 37. Kh3 Rf7 38. Kg2 Bd8 39. Qe6 Bc7 40. Qd5
Bf4 41. b3 Bc7 42. Kh3 Bf4 43. Qc6 Bc7 44. c4 Bd8 45. Qa8 Bf6 46. axb6 axb6 47.
Qb8 Bc3 48. Qxb6 Bb4 49. Qe6 Rf5 50. Kg4 Rh5 51. Qe7+ Kg8 1/2-1/2

[Event "Isle of Man Open"]
[Site "Douglas"]
[Date "22.10.2018"]
[Round "3.70"]
[White "Harari, Zaki"]
[Black "Zhukova, Natalia"]
[Result "0-1"]
[BlackTitle "GM"]
[WhiteElo "2055"]
[BlackElo "2403"]
[WhiteFideId "2002639"]
[BlackFideId "14101513"]
[EventDate "2018.10.20"]

1. e4 e6 2. d4 d5 3. e5 c5 4. c3 Nc6 5. Nf3 Bd7 6. a3 f6 7. Bd3 Qb6 8. b4 cxd4
9. cxd4 Rc8 10. O-O Nxd4 11. Nxd4 Rxc1 12. Qh5+ g6 13. Qh4 Rxf1+ 14. Bxf1 fxe5
15. Nf3 Bg7 16. Ra2 Ne7 17. Nbd2 e4 18. Ng5 Nf5 19. Qh3 h6 0-1

[Event "Isle of Man Open"]
[Site "Douglas"]
[Date "22.10.2018"]
[Round "3.71"]
[White "Hoefelsauer, Thomas"]
[Black "Moksh, Amit Doshi"]
[Result "1/2-1/2"]
[WhiteTitle "FM"]
[WhiteElo "2380"]
[BlackElo "2224"]
[WhiteFideId "24668842"]
[BlackFideId "25064967"]
[EventDate "2018.10.20"]

1. Nf3 c5 2. c4 Nc6 3. Nc3 g6 4. g3 Bg7 5. Bg2 e5 6. O-O Nge7 7. Ne1 a6 8. Nc2
Rb8 9. d3 b5 10. Ne3 O-O 11. Ned5 d6 12. Rb1 Be6 13. Bg5 f6 14. Bd2 Qd7 15. a3
f5 16. b4 cxb4 17. axb4 bxc4 18. dxc4 e4 19. Qa4 Bxc3 20. Nxe7+ Nxe7 21. Qxd7
Bxd7 22. Bxc3 Rfc8 23. Rfd1 Rxc4 24. Rxd6 Rxc3 25. Rxd7 Nc6 26. Rc7 Nd4 27. Ra7
Nxe2+ 28. Kh1 Rc2 29. Rd1 Rc1 30. Rxc1 Nxc1 31. Bf1 Rxb4 32. Rxa6 Nb3 33. h4 Nd2
34. Be2 Rb1+ 35. Kg2 Re1 36. Bb5 Kg7 37. Ra7+ Kh6 38. Rd7 Nf3 39. Bf1 Rc1 40.
Re7 Rc2 41. Bb5 Nd4 42. Bf1 Nb3 43. Kg1 Nd2 44. Be2 Nb1 45. Kf1 Rc1+ 46. Kg2 Na3
47. g4 1/2-1/2

[Event "Isle of Man Open"]
[Site "Douglas"]
[Date "22.10.2018"]
[Round "3.72"]
[White "Kulkarni, Rakesh"]
[Black "Allen, Keith"]
[Result "1/2-1/2"]
[WhiteElo "2297"]
[BlackElo "2216"]
[WhiteFideId "5037077"]
[BlackFideId "2501147"]
[EventDate "2018.10.20"]

1. e4 c5 2. c3 Nf6 3. e5 Nd5 4. d4 cxd4 5. Nf3 e6 6. cxd4 d6 7. Bc4 Nb6 8. Bd3
dxe5 9. dxe5 N8d7 10. Qe2 Nc5 11. Bc2 Nd5 12. a3 a5 13. O-O Be7 14. Rd1 Bd7 15.
Nbd2 Bc6 16. Ne4 Nxe4 17. Qxe4 Qc7 18. Qg4 Bf8 19. Nd4 Qxe5 20. Nxc6 bxc6 21.
Ba4 Rc8 22. Qc4 Bd6 23. Bxc6+ Ke7 24. Qh4+ Nf6 25. Ba4 Rhd8 26. Be3 Bc5 27.
Bxc5+ Qxc5 28. h3 Qc4 29. Qxc4 Rxc4 30. Bb5 Rc5 31. Bf1 Rb8 32. Rab1 Nd5 33. Bd3
h6 34. Be4 Rcb5 35. Rbc1 1/2-1/2